Estadísticas para Prueba de Francia

Haz click aquí para tomar la prueba!

Estadísticas generales

  • Esta prueba ha sido tomada 1.736 veces
  • La puntuación promedio es 14 de 20

Estadísticas de respuestas

PistaRespuesta% Correcto
CapitalParis
100%
El museo más visitado del mundoLouvre
91%
Región de Francia situada en América del SurGuayana Francesa
87%
Torre construida para la Feria Mundial de 1889Torre Eiffel
87%
... y el palacio en el que vivíaVersalles
75%
Un periódico muy conocido cuyo nombre significa "El Mundo"Le Monde
73%
Segunda área urbana más pobladaLyon
73%
El lema revolucionario:
Liberté, égalité, ______
Fraternité
72%
Tercera área urbana más pobladaMarsella
71%
Región de Francia que fue el sitio de las invasiones del Día DNormandía
71%
Famosa carrera de bicicletasTour de Francia
70%
La prisión fue asaltada el 14 de julio de 1789Bastilla
66%
La dinastía de la que formó parteBorbón
64%
El nombre romano de FranciaGalia
64%
La avenida donde termina esa carrera{Champs}-Élysées
61%
El rey que más tiempo lleva reinandoLuis XIV
59%
La montaña más altaMont Blanc
55%
El símbolo en el escudo real francés{Fleur}-de-lis
52%
El río más largoLoira
39%
La mujer que "personifica" a FranciaMarianne
25%

Distribución de puntuación

Porcentaje por número respondido

Porcentaje de gente con cada puntuación

Historial de tus puntuaciones

No has tomado esta prueba